000 00540nam a22001697a 4500
999 _c9096
_d9096
008 210323b ||||| |||| 00| 0 eng d
040 _aBMS College of Architecture
100 _aJankal, Shivakumar, Nidhi
245 _aIndustrial Architecture - sugar factory
300 _a179p.
500 _a1BM06AT023
502 _8B.Arch
_NBMS College of Architecture, Visvesvaraya Technological University
_aProject report
_d2011
650 _aIndustrial
700 _aSindhu Srikanth
_eGuide
700 _aK R Madhu Chand
_eGuide
942 _2ddc
_cTHE